Soil mechanics for unsaturated soils / (Record no. 34546)

MARC details
000 -LEADER
fixed length control field 01325pam a2200325 a 4500
001 - CONTROL NUMBER
control field 2032680
003 - CONTROL NUMBER IDENTIFIER
control field OSt
005 - DATE AND TIME OF LATEST TRANSACTION
control field 20220407093826.0
008 - FIXED-LENGTH DATA ELEMENTS--GENERAL INFORMATION
fixed length control field 920811s1993 nyuab b 001 0 eng
010 ## - LIBRARY OF CONGRESS CONTROL NUMBER
LC control number 92030869
020 ## - INTERNATIONAL STANDARD BOOK NUMBER
International Standard Book Number 047185008X (acidfree paper)
040 ## - CATALOGING SOURCE
Original cataloging agency DLC
Transcribing agency hu
Modifying agency DLC
050 00 - LIBRARY OF CONGRESS CALL NUMBER
Classification number TA710.5
Item number .F73 1993
082 00 - DEWEY DECIMAL CLASSIFICATION NUMBER
Classification number 624.1/5136
Edition number 20
100 1# - MAIN ENTRY--PERSONAL NAME
Personal name Fredlund, D. G.
Fuller form of name (Delwyn G.),
Dates associated with a name 1940-
9 (RLIN) 35580
245 10 - TITLE STATEMENT
Title Soil mechanics for unsaturated soils /
Statement of responsibility, etc. D.G. Fredlund, H. Rahardjo.
260 ## - PUBLICATION, DISTRIBUTION, ETC.
Place of publication, distribution, etc. New York :
Name of publisher, distributor, etc. Wiley,
Date of publication, distribution, etc. c1993.
300 ## - PHYSICAL DESCRIPTION
Extent xxiv, 517 p. :
Other physical details ill., maps ;
Dimensions 29 cm.
500 ## - GENERAL NOTE
General note "A Wiley-Interscience publication."
504 ## - BIBLIOGRAPHY, ETC. NOTE
Bibliography, etc. note Includes bibliographical references (p. 490-507) and index.
650 #0 - SUBJECT ADDED ENTRY--TOPICAL TERM
Topical term or geographic name entry element Soil mechanics.
9 (RLIN) 3604
650 #0 - SUBJECT ADDED ENTRY--TOPICAL TERM
Topical term or geographic name entry element Soil moisture.
9 (RLIN) 23002
650 #0 - SUBJECT ADDED ENTRY--TOPICAL TERM
Topical term or geographic name entry element Soils
General subdivision Testing.
9 (RLIN) 35581
700 1# - ADDED ENTRY--PERSONAL NAME
Personal name Rahardjo, H.
Fuller form of name (Harianto)
9 (RLIN) 35582
856 42 - ELECTRONIC LOCATION AND ACCESS
Materials specified Publisher description
Uniform Resource Identifier <a href="http://www.loc.gov/catdir/description/wiley0310/92030869.html">http://www.loc.gov/catdir/description/wiley0310/92030869.html</a>
856 4# - ELECTRONIC LOCATION AND ACCESS
Materials specified Table of Contents
Uniform Resource Identifier <a href="http://www.loc.gov/catdir/toc/onix02/92030869.html">http://www.loc.gov/catdir/toc/onix02/92030869.html</a>
906 ## - LOCAL DATA ELEMENT F, LDF (RLIN)
a 7
b cbc
c orignew
d 1
e ocip
f 19
g y-gencatlg
942 ## - ADDED ENTRY ELEMENTS (KOHA)
Source of classification or shelving scheme Dewey Decimal Classification
Koha item type Books like text book referance book
Suppress in OPAC No
Holdings
Withdrawn status Lost status Source of classification or shelving scheme Damaged status Not for loan Collection code Home library Current library Shelving location Date acquired Total Checkouts Full call number Barcode Date last seen Copy number Price effective from Koha item type
    Dewey Decimal Classification     Reference Wondo Genet Library Wondo Genet Library General Stacks 04/07/2022   624.1`5136 FRE 1993 WGCFNRL00018841 04/07/2022 1 04/07/2022 Books like text book referance book